| 000 | 00692nam a2200193 i 4500 | ||
|---|---|---|---|
| 001 | 69014 | ||
| 003 | ES-MaACL | ||
| 005 | 20230906170420.0 | ||
| 007 | t| | ||
| 008 | 040826s1870 sp ||||1| spa d | ||
| 080 | _a378.678(460.27M.)(058) | ||
| 110 | 2 |
_aEscuela Nacional de Música y Declamación (España) _9176253 |
|
| 245 | 1 | 0 |
_aJunta General celebrada en el salón de la Escuela Nacional de Música el día 1º de mayo de 1870... memoria... / _cpor Rafael Hernando. |
| 260 |
_aMadrid : _b[s.n.], _c1870. |
||
| 300 |
_a39 p. ; _c19 cm. |
||
| 610 | 2 | 4 |
_aEscuela Nacional de Música y Declamación (España) _9176253 |
| 700 | 1 |
_aHernando, Rafael. _963093 |
|
| 852 | 4 |
_aES-MaACL _jT-123-F-15 |
|
| 999 |
_c69014 _d69014 |
||